000 00397 a2200133 4500
001 ART_43591
005 20260410162024.0
008 260409a
245 1 0 _aLabor mobility from Academe to Commerce
100 1 _aZucker, Lynne G.
700 1 _aDarby, Michael R.
700 1 _aTorero, Máximo
773 0 _tJournal of labor economics
_g- Vol. 20, Nº 3 (jul. 2002)
_wREV43438
999 _c33411
_d33411